Os 40 clubes com mais participações na Série A do Gauchão - até 2015 - Statistics

Estatísticas Gerais
  • Esse quiz foi jogado 277 vezes
  • A pontuação média é 24 de 40
Estatísticas das Respostas
Participações Clube % Correto
73 Grêmio
100%
71 Internacional
100%
50 Caxias
98%
53 Juventude
97%
51 Brasil de Pelotas
94%
62 Novo Hamburgo
90%
53 Pelotas
86%
30 São José
81%
25 Ypiranga
79%
20 Cruzeiro de Porto Alegre
72%
28 Aimoré
70%
11 Avenida
69%
13 Rio Grande
69%
27 São Paulo de Rio Grande
69%
42 Esportivo
67%
26 São Luiz
67%
33 Inter de Santa Maria
66%
20 Passo Fundo
66%
22 Veranópolis
66%
40 Santa Cruz
63%
31 Guarany de Bagé
62%
17 Lajeadense
60%
23 Bagé
59%
24 Farroupilha
55%
15 Glória
55%
10 Ulbra Canoas
52%
11 15 de Novembro de Campo Bom
50%
19 Gaúcho
47%
16 Guarani de Venâncio Aires
47%
7 Brasil de Farroupilha
45%
9 Santo Ângelo
38%
14 Grêmio Santanense
36%
11 São Borja
34%
7 Uruguaiana
30%
8 14 de julho de Passo Fundo
26%
8 Atlético de Carazinho
25%
8 Guarany de Cruz Alta
23%
16 Rio-Grandense de Santa Maria
22%
15 Rio-Grandense de Rio Grande
19%
9 Cachoeira
17%
Nenhum quiz correspondente encontrado
Distribuição das Pontuações
Porcentagem de Pessoas com Cada Pontuação
Percentil de Números Respondidos
Sua Pontuação Histórica
Você não jogou esse quiz